00529 2200193 4500001002100000008004100021035002000062245007700082100002300159250001000182260003400192300002100226020002200247084001600269082001000285650001800295990001100313990001100324INLIS000000000015165 ind  a0010-1222000244 aLelaki Yang Bercerita Tentang SuaracSayyidatul Imamah;editor; Reza Nufa aSAYYIDATUL, Imamah acet.1 aYogyakarta :bBasabasi,c2022 a137 hlm.c20 cm. a978-623-305-283-2 a808.3 SAY l a808.3 aSASTRA, NOVEL a9774 a a9774 b